| 000 | 00694nam a22002297a 4500 | ||
|---|---|---|---|
| 999 |
_c2774 _d2774 |
||
| 003 | AR-CdUCM | ||
| 008 | 190305b ||||| |||| 00| 0 spa d | ||
| 020 | _a84-8280-713-7 | ||
| 040 |
_aMUNICIPALIDAD PROVINCIAL DEL CUSCO _cBIBLIOTECA MUNICIPAL DEL CUSCO |
||
| 082 |
_a858.8 / _bSA18C |
||
| 100 |
_aSalgari, Emilio _9800 |
||
| 245 | _aEl corsario negro / | ||
| 260 |
_aColombia : _bBruguera, _c1984. |
||
| 300 |
_a326 páginas ; _c19.5 cm. |
||
| 440 |
_aGrandes aventuras. _n13 _99670 |
||
| 650 |
_aColonias españolas _99671 |
||
| 650 |
_aSiglo XVII _92242 |
||
| 650 |
_aEmilio de Roccanera _99672 |
||
| 700 |
_aSilvi, Juan Carlos (traductor) _99673 |
||
| 942 |
_2ddc _cLIBROS |
||
| 945 | _aafb | ||